| 000 | 00422 a2200145 4500 | ||
|---|---|---|---|
| 999 |
_c6386 _d6386 |
||
| 020 | _a1779011210 | ||
| 050 | _aPL8842 NAR 1996 | ||
| 100 | _aNare, L.G | ||
| 245 |
_aIlifa lesizwe: _bIbhuku 4, ugwalo lwabantwana / _cL.G Nare, E. Makalima and M, Ndlovu |
||
| 264 |
_aHarare: _bZimbabwe Publishing House, _c1996. |
||
| 300 | _a124p.: | ||
| 500 | _aIn Ndebele | ||
| 650 |
_aNdebele _xLanguages |
||
| 942 |
_2lcc _cBK _h8842 _iNAR _kPL |
||